=LDR 00000nam 2200000 4500 =001 INLIS000000000025982 =005 20200903090330 =035 ##$$a 0010-061300000025982 =008 200903################g##########0#ind## =041 ##$$a Ind =082 ##$$a 2x5.2 =090 ##$$a 2x5.2, Fra p =100 ##$$a Frager, Robert =245 1#$$a Psikologi sufi untuk transformasi hati, diri dan jiwa /$c Robert Frager, PH.D =260 ##$$a Jakarta :$b Serambi,$c 2002 =300 ##$$a 319 hlm, ; $c 22 x 14 cm. =850 ##$$a NBPNMAT =020 ##$$a 979-3335-00-9 =084 ##$$a 2x5.2 FRA p =650 #4$$a Psikologi Sufi =990 ##$$a 172.258/Pro.2002